00766nam a2200241Ia 4500003000900000008004100009020001700050040001600067080001700083100002300100245005600123250001200179260003300191300001500224490004600239650001900285650003000304650003000334700002000364942000700384999001500391952011800406IN-BaIIA211028s9999 xx 000 0 eng d a0-8-009103-2 cIIA Library a530.1bLAN-4 aLandau, L. D93500 0aStatistical physicscL. D. Landauand E. M. Lifshitz a2nd ed. aOxfordbPergamon Pressc1969 axii, 484p. aTheir Course of theoretical physics; v. 5 aNASA thesaurus aStatistical physics94158 aTheoretical physics91581 aLifshitz, E. M. cBK c4380d4380 00104070aBANbBANcGENd1974-03-23g95.00l0o530.1/ LAN-4p4887r2021-11-05v95.00w1974-03-23yBKGRs. 95.00